000 00362nam a2200133Ia 4500
008 100415s9999 xx 000 0 und d
082 _b19254
_a590
245 _aZoo's Print: 019073 - vol.13: - Vol. 12
260 _c0
365 _b0
630 _aZoo's Print: 019073 - vol.13: - Vol. 12
730 _aZoo's Print: 019073 - vol.13: - Vol. 12
942 _cBOOK
999 _c602151
_d602148